000 00694nam a2200193 u 4500
001 000319076
003 AM-YeHGA
005 20250617130508.0
008 040317s1984 ai r 000 0 arm d
040 _aAM-YeHGA
041 1 _aarm
_hrus
100 1 _aՑուզմեր, Աննա Մուսեևնա
245 1 0 _aՄարդ :
_bԱնատոմիա, ֆիզիոլոգիա, հիգիենա : Դասագիրք միջն. դպր. 8-րդ դաս. համար /
_cԱ.Մ. Ցուզմեր, Օ.Լ. Պետրիշինա.
250 _a13-րդ վերամշ. հրատ.
260 _aԵրևան :
_bԼույս,
_c1984.
300 _a246 էջ :
_bնկ.
650 1 4 _aԱնատոմիա
_vԴասագիրք
090 _c119816
999 _c118468
_d118468